Arrêts de la ligne 66 de Lyon (TCL) - Statistiques

Statistiques générales
  • Ce quiz a été pris 5 fois
  • Le résultat moyen est 18 sur 29
Statistiques - réponses
Arrondissement Arrêt % Correct
Lyon 9e Piscine de Vaise
100%
Lyon 9e Apollinaire - Bourbonnais
67%
Lyon 9e Avenue du Plateau
67%
Lyon 9e Bas de Loyasse
67%
Lyon 9e Berthet - Loucheur
67%
Champagne-au-Mont-d’Or Champagne Écoles
67%
Champagne-au-Mont-d’Or Champagne Verte Colline
67%
Champagne-au-Mont-d’Or Collège J. P. Rameau
67%
Lyon 9e Duchère Balmont
67%
Lyon 9e Duchère Capucines
67%
Lyon 9e Duchère Château
67%
Lyon 9e Duchère Les Érables
67%
Lyon 9e Duchère Martinière
67%
Lyon 9e Duchère Piscine
67%
Lyon 9e Gorge de Loup
67%
Lyon 9e (Dir. St-Just) Jean Zay
67%
Lyon 9e Joannès Masset
67%
Lyon 9e Les Roches
67%
Lyon 9e Les Tours
67%
Lyon 9e Mont Louis
67%
Lyon 9e Pierre Audry
67%
Lyon 9e Professeur Guérin
67%
Lyon 5e Saint-Just
67%
Lyon 9e Simon Buisson
67%
Lyon 5e Trion
67%
Lyon 5e Trion - 4 Colonnes
67%
Champagne-au-Mont-d’Or Champagne Cimetière
33%
Champagne-au-Mont-d’Or Saint-Rémy
33%
Lyon 9e Leclerc
0%
Aucun quiz correspondant
Distribution des résultats
% des personnes avec chaque résultat
Percentile par nombre de réponses
Votre historique - résultats
Vous n’avez pas pris ce quiz